Loading...
Hisbulla Party of God: An Islamic movement perspective
| Main Author: | |
|---|---|
| Format: | Printed Book |
| Published: |
The other press Kuala lumpur
2006
|
| Subjects: |
| LEADER | 00427nam a2200157 4500 | ||
|---|---|---|---|
| 082 | |||
| 100 | |a Koya, Abdar Rahman | ||
| 245 | |a Hisbulla Party of God: An Islamic movement perspective |c Koya, Abdar Rahman | ||
| 250 | |||
| 260 | |a The other press Kuala lumpur |c 2006 | ||
| 300 | |||
| 490 | |||
| 650 | |a Middle East | ||
| 942 | |c BK | ||
| 999 | |c 188781 |d 188781 | ||
| 952 | |0 0 |1 0 |4 0 |7 0 |9 202130 |a ISL |b ISL |l 0 |p ISL03162 |r 2019-10-28 |w 2019-10-28 |y BK | ||